00958nam a2200265 a 450000100100000000500170001000800410002704000250006804100390009308200170013210000290014924000360017824500710021426000550028530000210034050500450036153400450040650500100045165000260046165000300048770000350051704900090055295201140056199900170067500002128320200930011303.0100903s1968 sp 000 0 spa d aDO-SdBNPbspacBNPHU17aspahita2Código de idiomas MARC a853.8bP217j1 aPapini, Giovanni.94447110aGiudizio universale.lEspañol10aJuicio universal /cGiovanni Papini ; traducción Isidoro Martin. aBarcelona, (España) :bEditorial Planeta,c1968. a450 p. ;c19 cm.0 aLa biblioteca sólo posee el volumen 2. aTítulo original :tGiudizio universale0 gv. 2. 4aNovela italiana94322 4aLiteratura italiana933291 aMartín, Isidoro,etr.944472 aBNGR 001054708MOaGRbGRcCTd2010-09-03iLF1l0ov. 2p21283-10r2020-06-25w2020-06-25y4ZPréstamo en sala c20783d20783